LEADER 01439nam0 2200337 450 001 000023917 005 20090319112425.0 010 $a92-64-22656-7 100 $a20090305d1985----km-y0itay50------ba 101 0 $afre 102 $aFR 105 $ay-------001yy 200 1 $aDépenses sociales, 1960-1990$eproblèmes de croissance et de maîtrise$fOCDE 210 $aParis$cOCDE$dc1985 215 $a100 p.$d23 cm 225 2 $aÉtudes de politique sociale$v1 410 0$12001$aÉtudes de politique sociale 500 10$aDépenses sociales, 1960-1990$944858 610 1 $aSpese pubbliche$aPaesi occidentali 676 $a336.39$v19$9Spesa pubblica 710 02$aOrganisation de coopération et de développement économiques$0118070 801 0$aIT$bUNIPARTHENOPE$c20090305$gRICA$2UNIMARC 910 b0$aOrganisation for economic co-operation and development$zOrganisation de coopération et de développement économiques 910 b0$aOECD$zOrganisation de coopération et de développement économiques 910 b0$aOCDE$zOrganisation de coopération et de développement économiques 910 b0$aOrganizzazione per la cooperazione e lo sviluppo economico$zOrganisation de coopération et de développement économiques 910 b0$aOCSE$zOrganisation de coopération et de développement économiques 912 $a000023917 951 $aCorridoio Armadio B$b1$cNAVA2 996 $aDépenses sociales, 1960-1990$944858 997 $aUNIPARTHENOPE LEADER 02195nam0 2200457 i 450 001 CFI0068416 005 20231121125433.0 010 $a8802040028 020 $aIT$b88-9948 100 $a20011127d1986 ||||0itac50 ba 101 | $aita 102 $ait 181 1$6z01$ai $bxxxe 182 1$6z01$an 200 1 $aItalo Balbo$fGiorgio Rochat 210 $aTorino$cUnione tipografico-editrice torinese$d1986 215 $aXI, 439 p., \16! c. di tav.$cill.$d24 cm. 225 | $a˜La œvita sociale della nuova Italia$v34 312 $aTit. in cop.: Balbo$9CFI0076734 410 0$1001CFI0039111$12001 $a˜La œvita sociale della nuova Italia$v34 517 1 $aBalbo. -$9CFI0076734 606 $aBalbo, Italo$2FIR$3RMLC155874$9I 676 $a945.091092$9$v21 676 $a945.0910924$9$v21 700 1$aRochat$b, Giorgio$3CFIV011359$4070$0134189 790 1$aRochat$b, Giorgio$3RMLV252763$zRochat, Giorgio 801 3$aIT$bIT-01$c20011127 850 $aIT-RM0542 $aIT-RM0285 $aIT-RM0264 $aIT-RM0319 $aIT-RM1248 $aIT-FR0084 $aIT-RM0460 $aIT-FR0017 899 $aBIBLIOTECA DEL MINISTERO DEGLI AFFARI ESTERI$bRM0542 $eN 899 $aBiblioteca Dell'Istituto Nazionale Di Studi Romani$bRM0285 899 $aBiblioteca militare centrale dello Stato maggiore dell'esercito$bRM0264 899 $aBiblioteca dello Stato Maggiore dell' Aeronautica$bRM0319 899 $aBiblioteca Della Fondazione Pietro Nenni$bRM1248 899 $aBiblioteca Del Monumento Nazionale Di Montecassino$bFR0084 899 $aBiblioteca Dell' Archivio Centrale Dello Stato$bRM0460 899 $aBiblioteca umanistica Giorgio Aprea$bFR0017 $eN 912 $aCFI0068416 950 0$aBiblioteca umanistica Giorgio Aprea$d 52DES 920 Vit.Soc.34$e 52SBA0000155825 VMB RS $fA $h20130530$i20130530$d 52MAG 2/1037$e 52MAG0000168675 VMN RS $fA $h20171025$i20171025 977 $a 09$a 13$a 16$a 22$a 23$a 25$a 27$a 52 996 $aItalo Balbo$9222648 997 $aUNICAS